000 00780nam a22002177a 4500
005 20130503112811.0
010 _aB-498105-143
020 _a9789350750018
_c285.00
035 _aB-498105-143
037 _bUBH/Ven
082 _a480.76
100 _aBakshi, S.P
245 _aDescriptive General English :
_blanguage comprehension communication skill & writing skill/
_cby S.P.Bakshi ans Richa Shamra
260 _aUP
_bArihant Publicatoin
_cc2012
270 _aKalindi, TP Nagar,
_bMeerut(U.P)
_e250002
300 _a808p.
_c24cm (pbk)
500 _aIt include index
700 _dRicha Sharma
942 _2ddc
_cEN
_mBAK
_h480.76
999 _c74272
_d74272